Leadership in organizations

Salvato in:
Dettagli Bibliografici
Autore principale: Yukl, Gary A.
Natura: Libro
Lingua:inglese
Pubblicazione: Upper Saddle River Pearson 2010
Edizione:7th ed.
Soggetti:
Tags: Aggiungi Tag
Nessun Tag, puoi essere il primo ad aggiungerne!!

MARC

LEADER 00000nam$a2200000$$$4500
001 0104389
005 20240306135806.8
020 |a 978-0-13-815714-2 
020 |a 0-13-815714-6 
041 0 |a eng 
044 |a US 
245 1 0 |a Leadership in organizations  |c Gary Yukl 
250 |a 7th ed. 
264 1 |a Upper Saddle River  |b Pearson  |c 2010 
300 |a 644 s. 
610 2 0 |a vodcovstvo 
610 2 0 |a podnik 
610 2 0 |a organizácie 
610 2 0 |a manažéri 
610 2 0 |a riadenie podnikové 
610 2 0 |a riadenie strategické 
610 2 0 |a podnik multinacionálny 
610 2 0 |a etika podnikateľská 
610 2 0 |a pracovníci riadiaci 
610 2 0 |a rozhodovanie manažérske 
610 2 0 |a riadenie zmien 
100 1 |a Yukl, Gary A.